Vybrané problémy zdaňovania príjmov fyzických osôb bakalárska práca

Enregistré dans:
Détails bibliographiques
Auteur principal: Šmelková, Mária
Collectivité auteur: Národohospodárska fakulta EU. Katedra financií
Autres auteurs: Péliová, Jana, 1976-
Format: Livre
Langue:slovaque
Publié: Bratislava 2009
Tags: Ajouter un tag
Pas de tags, Soyez le premier à ajouter un tag!

MARC

LEADER 00000nam$a2200000$$$4500
001 0103767
005 20240318141603.1
041 0 |a slo 
044 |a SK 
245 1 0 |a Vybrané problémy zdaňovania príjmov fyzických osôb  |b bakalárska práca  |c Mária Šmelková ; škol. Jana Péliová 
264 1 |a Bratislava  |c 2009 
300 |a 70 s. 
100 1 |a Šmelková, Mária 
700 1 |a Péliová, Jana, 1976- 
710 2 |a Národohospodárska fakulta EU. Katedra financií